nba goats - Statistics

General Stats
  • This quiz has been taken 29 times
  • The average score is 4 of 6
Answers on the Grid
Answers color-coded by a green-red scale on the quiz's grid according to % correct below.
jordan
lebron
kareem
curry
durant
wilt
tim duncan
kobe
rose
hakeem
 
Answer Stats
Answer % Correct
jordan
100%
lebron
92%
curry
68%
kobe
64%
kareem
60%
tim duncan
32%
No matching quizzes found
Score Distribution
Percent of People with Each Score
Percentile by Number Answered
Your Score History
You have not taken this quiz